| 000 | 00799cam a2200277 i 4500 | ||
|---|---|---|---|
| 001 | |||
| 003 | OSt | ||
| 005 | 20220107122805.0 | ||
| 008 | 140429t20152015njua b 001 0 eng | ||
| 010 | _a | ||
| 020 | _a9789814596190 | ||
| 040 | _cIIITMK | ||
| 082 | 0 | 0 |
_a515.357 ITO/I _2 |
| 100 | 1 |
_aIto, Kazufumi _97813 |
|
| 245 | 1 | 0 |
_aInverse problems: _bTikhonov theory and algorithms _cby Kazufumi Ito, Bangti Jin |
| 260 |
_aSingapore, _bWorld Scientific, _c2015. |
||
| 300 |
_ax, 319 p. _b _c |
||
| 490 | 0 |
_aSeries on applied mathematics; _vvolume 22 |
|
| 650 | 0 |
_aDIFFERENTIAL EQUATIONS _97814 |
|
| 650 | 0 |
_aNUMERICAL SOLUTIONS _97815 |
|
| 650 | 0 |
_aINVERSE PROBLEMS _97816 |
|
| 650 | 0 |
_aTIKHNOV THEORY _97817 |
|
| 650 | 0 |
_aALGORITHMS _97818 |
|
| 700 | 1 |
_aJin, Bangti _97820 |
|
| 942 |
_2ddc _cBK |
||
| 999 |
_c4834 _d4834 |
||